Kurashi at home : (Record no. 492655)
[ view plain ]
| 000 -LEADER | |
|---|---|
| fixed length control field | 00656nam a22002057a 4500 |
| 003 - CONTROL NUMBER IDENTIFIER | |
| control field | OSt |
| 005 - DATE AND TIME OF LATEST TRANSACTION | |
| control field | 20260511111455.0 |
| 008 - FIXED-LENGTH DATA ELEMENTS--GENERAL INFORMATION | |
| fixed length control field | 260511b |||||||| |||| 00| 0 eng d |
| 020 ## - INTERNATIONAL STANDARD BOOK NUMBER | |
| International Standard Book Number | 9781529085099 |
| 040 ## - CATALOGING SOURCE | |
| Original cataloging agency | Kenya National Library Service |
| Description conventions | rda |
| 082 ## - DEWEY DECIMAL CLASSIFICATION NUMBER | |
| Classification number | 648.8 KON |
| 100 ## - MAIN ENTRY--PERSONAL NAME | |
| Personal name | Kondo's Marie |
| Relator term | author |
| 245 ## - TITLE STATEMENT | |
| Title | Kurashi at home : |
| Remainder of title | how to organize your space and achieve your ideal / |
| Statement of responsibility, etc. | Marie Kondo's |
| 300 ## - PHYSICAL DESCRIPTION | |
| Extent | 223 pages : |
| Other physical details | colour illustrations ; |
| Dimensions | 24 cm |
| 504 ## - BIBLIOGRAPHY, ETC. NOTE | |
| Bibliography, etc. note | Includes index |
| 650 ## - SUBJECT ADDED ENTRY--TOPICAL TERM | |
| Topical term or geographic name entry element | Storage in home |
| 942 ## - ADDED ENTRY ELEMENTS (KOHA) | |
| Source of classification or shelving scheme | Dewey Decimal Classification |
| Koha item type | Books |
| Suppress in OPAC | No |
No items available.
